The teachers, schools, and society : a brief introduction to education : reader /

Shranjeno v:
Bibliografske podrobnosti
Glavni avtor: Sadker, David Miller, 1942-
Drugi avtorji: Zittleman, Karen R.
Format: Knjiga
Jezik:English
Izdano: Boston : McGraw-Hill, c2007.
Teme:
Oznake: Označite
Brez oznak, prvi označite!
Thư viện lưu trữ: Mạng thư viện Đại học Đà Nẵng
LEADER 01513cam a22003971a 4500
001 000033431
003 9595
005 20210317150255.0
008 151016s2007 000 eng
020 |a 0073216224 
035 |a (OCoLC)ocm64388417 
040 |a lnn  |c lnn  |d lnn 
082 0 0 |a 371.10023  |b SA-D 
100 1 |a Sadker, David Miller,  |d 1942- 
245 1 4 |a The teachers, schools, and society :  |b a brief introduction to education : reader /  |c David Miller Sadker, Karen R. Zittleman. 
260 |a Boston :  |b McGraw-Hill,  |c c2007. 
300 |a ix, 77 p. ;  |c 26 cm. 
500 |a "A reader, a casebook, and today's headlines"--Cover. 
504 |a Includes index. 
650 0 |a Teaching  |x Vocational guidance  |z United States. 
650 0 |a Teachers  |z United States  |v Case studies. 
650 0 |a Education  |z United States  |x History. 
650 0 |a Educational sociology  |z United States. 
650 0 |a Education  |x Study and teaching  |z United States. 
650 0 |a Teachers  |x Training of  |z United States. 
700 1 |a Zittleman, Karen R. 
OWN |a LNN 
902 |a TKA 
AVA |a UDN50  |b LNN  |c English  |d 420.30 SA-D  |e available  |t Error 5001 Not defined in file expand_doc_bib_avail.  |f 1  |g 0  |h N  |i 0  |j AN  |k 1 
999 |a From the UDN01 
AVA |a UDN50  |b LNN  |c English  |d 420.30 SA-D  |e available  |t Error 5001 Not defined in file expand_doc_bib_avail.  |f 1  |g 0  |h N  |i 0  |j AN  |k 1 
TYP |a Monograph 
980 |a Mạng thư viện Đại học Đà Nẵng